<?xml version="1.0" encoding="UTF-8"?>
<record
    xmlns:xsi="http://www.w3.org/2001/XMLSchema-instance"
    xsi:schemaLocation="http://www.loc.gov/MARC21/slim http://www.loc.gov/standards/marcxml/schema/MARC21slim.xsd"
    xmlns="http://www.loc.gov/MARC21/slim">

  <leader>01109nam a2200229 a 4500</leader>
  <controlfield tag="001">79137</controlfield>
  <controlfield tag="003">BD-RjUL</controlfield>
  <controlfield tag="005">20220109120025.0</controlfield>
  <controlfield tag="008">970708s1858    gw            000 0 ara d</controlfield>
  <datafield tag="035" ind1=" " ind2=" ">
    <subfield code="a">(BD-RjUL)79137</subfield>
  </datafield>
  <datafield tag="040" ind1=" " ind2=" ">
    <subfield code="a">BAR</subfield>
    <subfield code="b">eng</subfield>
    <subfield code="c">BD-RjUL</subfield>
  </datafield>
  <datafield tag="041" ind1=" " ind2=" ">
    <subfield code="a">ara</subfield>
  </datafield>
  <datafield tag="082" ind1=" " ind2=" ">
    <subfield code="2">23</subfield>
    <subfield code="a">297.63092</subfield>
    <subfield code="b">IBS 1858</subfield>
  </datafield>
  <datafield tag="100" ind1="1" ind2=" ">
    <subfield code="a">&#x627;&#x628;&#x646; &#x647;&#x634;&#x627;&#x645;&#x60C; &#x639;&#x628;&#x62F; &#x627;&#x644;&#x645;&#x644;&#x643;&#x60C;</subfield>
    <subfield code="d">&#x62A;&#x648;&#x641;&#x64A; 828</subfield>
    <subfield code="9">590</subfield>
  </datafield>
  <datafield tag="245" ind1="1" ind2="0">
    <subfield code="a">&#x633;&#x64A;&#x631;&#x629; &#x633;&#x64A;&#x62F;&#x646;&#x627; &#x645;&#x62D;&#x645;&#x62F; &#x631;&#x633;&#x648;&#x644; &#x627;&#x644;&#x644;&#x647; ;; sirat sayidina muhamad rasul allah /</subfield>
    <subfield code="c">riwayat abi muhamad eabd almalik bin hisham ean ziad bin eabd allah albukayiy ean muhamad bn aishaq ; nasharah firdinand wasatanfalid ;;     &#x631;&#x648;&#x627;&#x64A;&#x629; &#x627;&#x628;&#x64A; &#x645;&#x62D;&#x645;&#x62F; &#x639;&#x628;&#x62F; &#x627;&#x644;&#x645;&#x644;&#x643; &#x628;&#x646; &#x647;&#x634;&#x627;&#x645; &#x639;&#x646; &#x632;&#x64A;&#x627;&#x62F; &#x628;&#x646; &#x639;&#x628;&#x62F; &#x627;&#x644;&#x644;&#x647; &#x627;&#x644;&#x628;&#x643;&#x627;&#x626;&#x64A; &#x639;&#x646; &#x645;&#x62D;&#x645;&#x62F; &#x628;&#x646; &#x627;&#x633;&#x62D;&#x627;&#x642; &#x61B; &#x646;&#x634;&#x631;&#x647; &#x641;&#x631;&#x62F;&#x64A;&#x646;&#x627;&#x646;&#x62F; &#x648;&#x633;&#x62A;&#x646;&#x641;&#x644;&#x62F;</subfield>
  </datafield>
  <datafield tag="260" ind1=" " ind2=" ">
    <subfield code="a">Gottingen</subfield>
    <subfield code="b">Dieterichsche Universitats - Buchhandlung</subfield>
    <subfield code="c">1858-1860</subfield>
  </datafield>
  <datafield tag="300" ind1=" " ind2=" ">
    <subfield code="a">2 &#x62C;. &#x641;&#x64A; 3 &#x645;. ;</subfield>
    <subfield code="c">23 &#x633;.</subfield>
  </datafield>
  <datafield tag="500" ind1=" " ind2=" ">
    <subfield code="a">&#x645;&#x639; &#x635;. &#x639;. &#x628;&#x627;&#x644;&#x627;&#x644;&#x645;&#x627;&#x646;&#x64A;&#x629;</subfield>
  </datafield>
  <datafield tag="600" ind1="0" ind2="4">
    <subfield code="a">Muhammad,</subfield>
    <subfield code="c">Prophet,</subfield>
    <subfield code="d">-632.</subfield>
  </datafield>
  <datafield tag="700" ind1="1" ind2=" ">
    <subfield code="a">&#x648;&#x633;&#x62A;&#x646;&#x641;&#x644;&#x62F;&#x60C; &#x641;&#x631;&#x62F;&#x64A;&#x646;&#x627;&#x646;&#x62F;&#x60C;</subfield>
    <subfield code="d">1808-1899</subfield>
    <subfield code="9">591</subfield>
  </datafield>
  <datafield tag="942" ind1=" " ind2=" ">
    <subfield code="2">ddc</subfield>
    <subfield code="c">BK</subfield>
  </datafield>
  <datafield tag="999" ind1=" " ind2=" ">
    <subfield code="c">79137</subfield>
    <subfield code="d">79137</subfield>
  </datafield>
  <datafield tag="952" ind1=" " ind2=" ">
    <subfield code="0">0</subfield>
    <subfield code="1">0</subfield>
    <subfield code="2">ddc</subfield>
    <subfield code="4">0</subfield>
    <subfield code="7">1</subfield>
    <subfield code="8">NFIC</subfield>
    <subfield code="a">RUCL</subfield>
    <subfield code="b">RUCL</subfield>
    <subfield code="c">Reading</subfield>
    <subfield code="d">2022-01-09</subfield>
    <subfield code="l">0</subfield>
    <subfield code="o">A 297.63092 IBS V-2 1858</subfield>
    <subfield code="r">2022-01-09 00:00:00</subfield>
    <subfield code="t">C-1</subfield>
    <subfield code="w">2022-01-09</subfield>
    <subfield code="y">BK</subfield>
  </datafield>
</record>
